MANAGEMENT OF VERTIGO MADE EASY (Record no. 801942)

MARC details
000 -LEADER
fixed length control field 00360pam a2200145 a 4500
020 ## - INTERNATIONAL STANDARD BOOK NUMBER
International Standard Book Number 9789350500291
Terms of availability
041 ## - LANGUAGE CODE
Language code of text/sound track or separate title eng
082 ## - DEWEY DECIMAL CLASSIFICATION NUMBER
Classification number 617.3
Item number SWA
100 ## - MAIN ENTRY--PERSONAL NAME
Personal name SWAIN S.K . .
245 ## - TITLE STATEMENT
Title MANAGEMENT OF VERTIGO MADE EASY
Medium Textual Documents
260 ## - PUBLICATION, DISTRIBUTION, ETC.
Name of publisher, distributor, etc. JAYPEE BROTHERS MEDICAL PUB.
Date of publication, distribution, etc. 2016
300 ## - PHYSICAL DESCRIPTION
Extent 156:
Other physical details XIV;
Dimensions PB.
650 ## - SUBJECT ADDED ENTRY--TOPICAL TERM
Topical term or geographic name entry element ORTHO
930 ## - EQUIVALENCE OR CROSS-REFERENCE-UNIFORM TITLE HEADING [LOCAL, CANADA]
Uniform title 7415
Holdings
Withdrawn status Lost status Damaged status Not for loan Collection Home library Current library Date acquired Source of acquisition Cost, normal purchase price Total Checkouts Full call number Barcode Date due Date last seen Date last checked out Copy number Price effective from Koha item type
          Medical College & Hospital, Sangli Medical College & Hospital, Sangli 14/10/2016 B.M.S.G.B.PUNE 450.00 1 617.3 SWA MCS-13283 01/10/2043 06/10/2023 06/10/2023 1 26/07/2023 Book